000 01857 a2200169 4500
020 _a0470804033 (paperback)
020 _a9780470804032 (paperback)
090 _c6523
_d6523
100 1 _aStone, Raymond J.
245 1 0 _aHuman resource management /
_cRaymond J. Stone.
250 _a5th ed.
260 _a[S.l.] :
_bWiley,
_c2004.
300 _a882 p. ;
_c26 cm.
520 _aThe fifth edition of "Human Resource Management" has been thoroughly revised and updated to reflect current issues and practice in HRM. A continuing emphasis is placed on HRM practice in the Asia-Pacific Rim as is the importance of strategy and managing diversity in human resource management. This new edition has expanded its practical, real world approach with the inclusion of Practitioner Speaks boxes, ethical sidebars and a new integrative case running through each chapter. The end of part and chapter case studies, ethical dilemmas, soapboxes, review questions, and practical exercises have been updated and expanded where necessary.The Diagnostic Model has been replaced with the Environmental Influences Model. This new model is provided in chapter 1 and is used as the basis for end-of-chapter questions throughout the book. Practitioner Speaks boxes are found in each chapter. They include a photo of a particular HR practitioner in the Asia-Pacific region, and outline his/her views on the theory in the chapter. Practitioner Speaks Exercises at the end of each chapter relate back to the Practitioner Speaks feature. Ethical dilemmas in the chapter margins are side notes on a relevant ethical issue in the chapter. A running case has been added new for this edition. Class debate activities have been included at the end of the chapter.
856 4 0 _3Amazon.com
_uhttp://www.amazon.com/exec/obidos/ASIN/0470804033/chopaconline-20
942 _aNBS
_cBK
_k658.3 STO
999 _c348882
_d348882